[Event "Sparkassen-Open A"]
[Site "Heusenstamm, Martinsee"]
[Date "2022.11.17"]
[Round "1.54"]
[White "Minor, Dieter"]
[Black "Siegert, Gregor"]
[Result "0-1"]
[WhiteElo "1817"]
[BlackElo "1891"]
[PlyCount "60"]
[EventDate "2022.??.??"]
[WhiteTeam "Wiesbadener SV 1885"]
[BlackTeam "Schachforum Darmstadt 1994"]

1. d4 Nf6 2. Nf3 g6 3. Bf4 Bg7 4. e3 O-O 5. Nbd2 d6 6. Bd3 Nbd7 7. O-O Nh5 8.
Bg5 Qe8 9. c3 e5 10. dxe5 dxe5 11. e4 h6 12. Be3 Kh8 13. g4 Nf4 14. Bxf4 exf4
15. h3 Nc5 16. Bc2 b6 17. Re1 Bb7 18. Nd4 Rd8 19. b4 Ne6 20. Ba4 Qe7 21. Nxe6
Qxe6 22. Qc2 Qf6 23. Rac1 Qh4 24. Kg2 f5 25. Nf3 Qf6 26. e5 Qe6 27. gxf5 Rxf5
28. Qe2 Rh5 29. Rh1 Rxe5 30. Qf1 Rg5+ 0-1

[Event "Sparkassen-Open A"]
[Site "Heusenstamm, Martinsee"]
[Date "2022.11.17"]
[Round "1.55"]
[White "Leck, Gerrit"]
[Black "Markosyan, Aleksandr"]
[Result "1/2-1/2"]
[WhiteElo "2029"]
[BlackElo "1805"]
[PlyCount "43"]
[EventDate "2022.??.??"]
[WhiteTeam "SV Lahn Limburg"]
[BlackTeam "SG Idstein"]

1. e4 c5 2. Nf3 g6 3. d4 cxd4 4. Nxd4 Bg7 5. c4 Nc6 6. Be3 Nf6 7. Nc3 O-O 8.
Be2 d6 9. O-O Bd7 10. Qd2 Rc8 11. f3 Nxd4 12. Bxd4 a5 13. Rac1 Bc6 14. b3 Nd7
15. Nb5 Bxb5 16. cxb5 Bxd4+ 17. Qxd4 Qb6 18. Qxb6 Nxb6 19. Kf2 d5 20. exd5 Nxd5
21. Bc4 Nb6 22. Rc2 1/2-1/2

[Event "Sparkassen-Open A"]
[Site "Heusenstamm, Martinsee"]
[Date "2022.11.17"]
[Round "1.56"]
[White "Müller, Maximilian"]
[Black "Wenzel, Calvin"]
[Result "1-0"]
[WhiteElo "1736"]
[BlackElo "1984"]
[PlyCount "89"]
[EventDate "2022.??.??"]
[WhiteTeam "SC GEMA St.Ingbert"]
[BlackTeam "SK 1980 Gernsheim"]

1. e4 e5 2. Nf3 Nc6 3. Bb5 a6 4. Ba4 Nf6 5. O-O b5 6. Bb3 Bc5 7. c3 d6 8. h3
O-O 9. Re1 Bb7 10. d4 Bb6 11. a4 Re8 12. d5 Ne7 13. a5 Ba7 14. c4 c6 15. Bg5
bxc4 16. Bxf6 cxb3 17. Qxb3 Rb8 18. Bxe7 Qxe7 19. dxc6 Bxc6 20. Qc2 Rec8 21.
Nc3 Bc5 22. Red1 Rb4 23. Nd5 Bxd5 24. exd5 Rf4 25. Qe2 e4 26. Nd4 e3 27. Qxe3
Re4 28. Qc3 Qf6 29. Ra4 Rce8 30. Rc4 Qf4 31. b4 Ba7 32. Rc8 Qf6 33. Ne6 Bxf2+
34. Kh1 R4xe6 35. dxe6 Qxe6 36. Rxe8+ Qxe8 37. Rc1 Bh4 38. Qc8 Bd8 39. Qxa6 d5
40. Qc6 Qe3 41. Qc8 Qe8 42. a6 d4 43. a7 d3 44. a8=Q d2 45. Rg1 1-0

[Event "Sparkassen-Open A"]
[Site "Heusenstamm, Martinsee"]
[Date "2022.11.17"]
[Round "1.57"]
[White "Spriestersbach, Kai"]
[Black "Meuer, David"]
[Result "1-0"]
[WhiteElo "2050"]
[BlackElo "1793"]
[PlyCount "69"]
[EventDate "2022.??.??"]
[WhiteTeam "SV Erkenschwick"]
[BlackTeam "SV Lahnstein"]

1. Nf3 Nf6 2. g3 d5 3. Bg2 c6 4. O-O Bf5 5. d4 h6 6. c4 e6 7. Qb3 Qc8 8. Nc3
Nbd7 9. Bf4 Be7 10. Rac1 Be4 11. cxd5 exd5 12. Nxe4 Nxe4 13. Bh3 g5 14. Ne5
Nef6 15. Be3 Qb8 16. Qd3 Nxe5 17. dxe5 Qxe5 18. Bd4 Qd6 19. Qe3 Rg8 20. Be5 d4
21. Bxd4 Nd5 22. Qe4 Kf8 23. Be5 Qd8 24. Qh7 Bf6 25. Qxh6+ Bg7 26. Bxg7+ Rxg7
27. e4 Nf6 28. Bf5 Qe7 29. Rfe1 Rd8 30. Rcd1 Kg8 31. Rxd8+ Qxd8 32. e5 Nd5 33.
e6 f6 34. e7 Nxe7 35. Be6+ 1-0

[Event "Sparkassen-Open A"]
[Site "Heusenstamm, Martinsee"]
[Date "2022.11.17"]
[Round "1.58"]
[White "Vihan, Shourya"]
[Black "Schlößner, Henrik"]
[Result "1-0"]
[WhiteElo "1661"]
[BlackElo "2067"]
[PlyCount "47"]
[EventDate "2022.??.??"]
[WhiteTeam "SV 1934 Ffm-Griesheim"]
[BlackTeam "SK Gründau"]

1. d4 Nf6 2. c4 g6 3. Nc3 Bg7 4. e4 d6 5. f3 O-O 6. Be3 c5 7. dxc5 dxc5 8. Qxd8
Rxd8 9. Bxc5 Nc6 10. Nge2 e5 11. Nd5 Be6 12. O-O-O Rac8 13. Nec3 Bxd5 14. Nxd5
Nxd5 15. Rxd5 Rxd5 16. exd5 Na5 17. Bxa7 Nxc4 18. Bxc4 Rxc4+ 19. Kb1 Kf8 20.
Rc1 Rxc1+ 21. Kxc1 Ke7 22. Bc5+ Kd7 23. Kc2 f5 24. b3 1-0

[Event "Sparkassen-Open A"]
[Site "Heusenstamm, Martinsee"]
[Date "2022.11.17"]
[Round "1.59"]
[White "Bräutigam, Thomas"]
[Black "Hinz, André"]
[Result "1-0"]
[WhiteElo "2051"]
[BlackElo "1668"]
[PlyCount "71"]
[EventDate "2022.??.??"]
[WhiteTeam "SV Würzburg von 1865"]
[BlackTeam "SC Brett vorm Kopp Ffm"]

1. d4 d5 2. Nf3 Nf6 3. g3 e6 4. Bg2 Be7 5. O-O O-O 6. c4 c6 7. Nbd2 b6 8. Qc2
a5 9. e4 Ba6 10. b3 b5 11. Re1 bxc4 12. bxc4 Bb4 13. exd5 exd5 14. c5 Bxd2 15.
Nxd2 Re8 16. Bb2 Ra7 17. Bc3 Rae7 18. Rxe7 Rxe7 19. Qa4 Qe8 20. Qxa5 Re2 21.
Nf1 Bd3 22. Bf3 Re6 23. Bd2 Be4 24. Bxe4 Nxe4 25. Be3 Nd7 26. Rb1 h5 27. Qc7
Kh7 28. Rb7 Nef6 29. a4 Kg6 30. a5 Qa8 31. Ra7 Qb8 32. Qxb8 Nxb8 33. Rb7 Nfd7
34. Bf4 Re8 35. a6 Nxc5 36. a7 1-0

[Event "Sparkassen-Open A"]
[Site "Heusenstamm, Martinsee"]
[Date "2022.11.17"]
[Round "1.60"]
[White "Plaumann, Arvin"]
[Black "Schmidbauer, Frank"]
[Result "1-0"]
[WhiteElo "1744"]
[BlackElo "2066"]
[PlyCount "83"]
[EventDate "2022.??.??"]
[WhiteTeam "Sfr.Heidesheim"]
[BlackTeam "SV Wollishofen Zuerich"]

1. d4 f5 2. Bg5 g6 3. e3 Bg7 4. Bd3 Nf6 5. Nc3 O-O 6. h4 h6 7. Bxf6 Rxf6 8. g4
d5 9. gxf5 Bxf5 10. Bxf5 Rxf5 11. Qg4 Kh7 12. h5 Rg5 13. Qe6 c6 14. Nf3 Rxh5
15. Rxh5 gxh5 16. Nh4 Qd6 17. Qf5+ Kg8 18. Qc8+ Kh7 19. Qxb7 Qh2 20. O-O-O Qxh4
21. Qxa8 Qxf2 22. Qxb8 Qxe3+ 23. Kb1 Bxd4 24. Qe8 h4 25. Qxc6 e6 26. Nxd5 Qe2
27. Qd7+ Kh8 28. Qe8+ Kg7 29. Qg6+ Kxg6 30. Nf4+ Kg5 31. Nxe2 Bf2 32. c4 Kg4
33. Kc2 h3 34. b4 Kf3 35. Ng1+ Bxg1 36. Rxg1 e5 37. c5 e4 38. c6 e3 39. c7 h2
40. Rh1 Kg2 41. Rxh2+ Kxh2 42. c8=Q 1-0

[Event "Sparkassen-Open A"]
[Site "Heusenstamm, Martinsee"]
[Date "2022.11.17"]
[Round "1.61"]
[White "Stork, Christopher"]
[Black "Nickel, Jonas"]
[Result "1-0"]
[WhiteElo "2021"]
[BlackElo "1771"]
[PlyCount "113"]
[EventDate "2022.??.??"]
[WhiteTeam "SV Oberursel"]
[BlackTeam "SD Büdingen-Wächtersbach"]

1. e4 c5 2. Nf3 g6 3. d4 cxd4 4. Nxd4 Bg7 5. Be3 Nc6 6. Nc3 Nf6 7. Bc4 O-O 8.
Bb3 a5 9. a4 d6 10. h3 Nxd4 11. Bxd4 Be6 12. Bxe6 fxe6 13. O-O Nd7 14. Nb5 Rc8
15. c3 Bxd4 16. Nxd4 Rf6 17. Qe2 Qb6 18. Ra3 Nc5 19. Kh1 e5 20. Nb5 Rf4 21. f3
Rcf8 22. Raa1 Kg7 23. Rfd1 Qd8 24. Qc4 Qb6 25. b4 Na6 26. Ra2 Qe3 27. Re2 Qb6
28. Rd5 Qc6 29. Qb3 axb4 30. cxb4 Rc8 31. Rd3 Qc1+ 32. Rd1 Qc4 33. Rb2 Qxb3 34.
Rxb3 Rc4 35. Na3 Rc7 36. a5 Rf8 37. b5 Nc5 38. Rb4 Ra8 39. Nc4 Kf7 40. Kg1 Ke6
41. Kf2 Rac8 42. Nb6 Rf8 43. Nd5 Rcc8 44. Ke3 Nd7 45. b6 Nc5 46. Nc7+ Kd7 47.
Rc1 Rg8 48. Rc3 Rgf8 49. Kd2 Rg8 50. Kc2 Rgf8 51. Rbc4 Rg8 52. Kb2 Kc6 53. Ka3
Rh8 54. Kb4 Kd7 55. Kb5 Rhg8 56. Rxc5 dxc5 57. Rd3# 1-0

[Event "Sparkassen-Open A"]
[Site "Heusenstamm, Martinsee"]
[Date "2022.11.17"]
[Round "1.62"]
[White "Colditz, Elias"]
[Black "Langedijk, Ardjan"]
[Result "0-1"]
[WhiteElo "1680"]
[BlackElo "2059"]
[PlyCount "46"]
[EventDate "2022.??.??"]
[WhiteTeam "SV Multatuli Ingelheim"]
[BlackTeam "Caissa Eenhorn"]

1. e4 e5 2. Nf3 Nc6 3. Bb5 a6 4. Ba4 d6 5. O-O Bd7 6. c3 g6 7. d4 Bg7 8. Re1
Nf6 9. Bg5 b5 10. Bb3 h6 11. Bh4 O-O 12. Nbd2 Re8 13. Bxf6 Qxf6 14. dxe5 Nxe5
15. Nxe5 Qxe5 16. Nf3 Qf4 17. g3 Qg4 18. e5 dxe5 19. Qd5 Be6 20. Nxe5 Qf5 21.
Qc5 Bxb3 22. axb3 Bxe5 23. Qc6 Qe6 0-1

[Event "Sparkassen-Open A"]
[Site "Heusenstamm, Martinsee"]
[Date "2022.11.17"]
[Round "1.63"]
[White "Wilhelm, Jochen"]
[Black "Koholka, Jan"]
[Result "1-0"]
[WhiteElo "2059"]
[BlackElo "1750"]
[PlyCount "99"]
[EventDate "2022.??.??"]
[WhiteTeam "SC 1970 Lorsch"]
[BlackTeam "SK Langen"]

1. e4 e5 2. Nf3 Nc6 3. Bb5 a6 4. Bxc6 dxc6 5. O-O Qd6 6. Na3 Be6 7. Qe2 f6 8.
Rd1 O-O-O 9. d4 exd4 10. Rxd4 Qe7 11. Be3 Rxd4 12. Nxd4 Bd7 13. f3 Nh6 14. c3
Nf7 15. Nc4 Ne5 16. Na5 g5 17. Rd1 Qe8 18. Ndb3 Qf7 19. Nxb7 Qc4 20. Qd2 h5 21.
N7c5 Bd6 22. Nxd7 Nxd7 23. Qd4 Qe2 24. Qd3 Qxd3 25. Rxd3 Re8 26. Nd4 Ne5 27.
Rd1 Nc4 28. Bc1 Kb7 29. b3 Ne5 30. Nf5 Bc5+ 31. Be3 Ba3 32. Kf2 Bb2 33. c4 Ra8
34. Bd4 Bxd4+ 35. Rxd4 a5 36. Ng7 h4 37. Ne6 Re8 38. Nc5+ Kb6 39. Nd7+ Nxd7 40.
Rxd7 Re6 41. g3 hxg3+ 42. Kxg3 c5 43. Kg4 Kc6 44. Rd2 Re5 45. Rd5 Re7 46. Kf5
Rh7 47. Kxf6 Rxh2 48. Kxg5 Rxa2 49. e5 Rb2 50. Rd3 1-0

[Event "Sparkassen-Open A"]
[Site "Heusenstamm, Martinsee"]
[Date "2022.11.17"]
[Round "1.64"]
[White "Marchese, Gaspare"]
[Black "Waffenschmidt, Joachim"]
[Result "1-0"]
[WhiteElo "1803"]
[BlackElo "2015"]
[PlyCount "89"]
[EventDate "2022.??.??"]
[WhiteTeam "SC Matt im Park Ffm"]
[BlackTeam "SV 1920 Hofheim"]

1. e4 c5 2. Nf3 d6 3. d4 cxd4 4. Nxd4 Nf6 5. Nc3 a6 6. Bd3 e5 7. Nb3 Be7 8. O-O
O-O 9. a4 Nc6 10. a5 Bg4 11. f3 Be6 12. Nd5 Nxd5 13. exd5 Bxd5 14. Bxh7+ Kxh7
15. Qxd5 Qc8 16. c3 Qe6 17. Rd1 Qxd5 18. Rxd5 f5 19. Be3 Rac8 20. Ra4 Kg6 21.
Nd2 Kf6 22. Nc4 Ke6 23. Nb6 Rcd8 24. Rd1 d5 25. Kf1 g5 26. Ke2 Bf6 27. Bc5 Rh8
28. h3 Rhe8 29. c4 d4 30. Nd5 Rxd5 31. cxd5+ Kxd5 32. Bb6 e4 33. fxe4+ fxe4 34.
Rf1 Re6 35. Rf5+ Be5 36. Rxg5 Rf6 37. h4 e3 38. Kd3 Rf4 39. Rc4 Rxh4 40. Rc5+
Ke6 41. g4 Bf6 42. Rg6 Kf7 43. Rxf6+ Kxf6 44. Rxc6+ bxc6 45. Bd8+ 1-0

[Event "Sparkassen-Open A"]
[Site "Heusenstamm, Martinsee"]
[Date "2022.11.17"]
[Round "1.65"]
[White "Simukov, Erik"]
[Black "Fröhlich-Dill, Astrid"]
[Result "1-0"]
[WhiteElo "2000"]
[BlackElo "1799"]
[PlyCount "93"]
[EventDate "2022.??.??"]
[WhiteTeam "SVG CAISSA Kassel"]
[BlackTeam "SV 1920 Hofheim"]

1. e4 e6 2. d4 b6 3. Bd3 Bb7 4. Nf3 Nf6 5. Qe2 h6 6. c3 Be7 7. O-O d6 8. Rd1
Nbd7 9. Nbd2 O-O 10. e5 Ne8 11. Ne4 f5 12. Ng3 d5 13. Nh5 c5 14. Nf4 Nc7 15.
Ng6 Rf7 16. h4 Nf8 17. h5 Qe8 18. Nh2 Bd8 19. g4 a5 20. Qf3 Nh7 21. gxf5 exf5
22. Qh3 Bc8 23. f4 Nf8 24. Kh1 Nxg6 25. hxg6 Rf8 26. Rg1 c4 27. Bc2 b5 28. Bd2
Ra6 29. Qh5 Qe6 30. Nf3 Bd7 31. Rg2 Be8 32. Rag1 Be7 33. Be1 b4 34. Bh4 Bd7 35.
Bxe7 Qxe7 36. Nh4 bxc3 37. bxc3 Nb5 38. Bxf5 Nxc3 39. Bxd7 Rxf4 40. Bg4 Ne4 41.
Nf5 Qf8 42. e6 Nf6 43. Qh2 Rxg4 44. e7 Qe8 45. Rxg4 Nxg4 46. Rxg4 Re6 47. Qc7
1-0

[Event "Sparkassen-Open A"]
[Site "Heusenstamm, Martinsee"]
[Date "2022.11.17"]
[Round "1.66"]
[White "Rabiya, Karim"]
[Black "Glöckler, Christian"]
[Result "0-1"]
[WhiteElo "1799"]
[BlackElo "2051"]
[PlyCount "70"]
[EventDate "2022.??.??"]
[WhiteTeam "SK Niederbrechen 1948"]
[BlackTeam "SC Lindenholzhausen"]

1. e4 c5 2. Nf3 d6 3. d4 cxd4 4. Nxd4 Nf6 5. Nc3 a6 6. g3 e5 7. Nde2 Be6 8. Bg2
Be7 9. a4 O-O 10. O-O Nbd7 11. h3 Rc8 12. Be3 Qc7 13. b3 b5 14. axb5 axb5 15.
Ra7 Qb8 16. Qd3 b4 17. Nd5 Bxd5 18. exd5 Bd8 19. Rfa1 Bb6 20. Bxb6 Qxb6 21. g4
e4 22. Qd2 h6 23. R7a6 Qc5 24. Nd4 Qxd5 25. Qxb4 Nc5 26. Rb6 Qe5 27. Ra7 Nd5
28. Qa5 Nxb6 29. Nf5 Nd5 30. c4 Nf4 31. Ne7+ Kh7 32. Nxc8 Rxc8 33. b4 e3 34.
bxc5 e2 35. Qe1 Nd3 0-1

[Event "Sparkassen-Open A"]
[Site "Heusenstamm, Martinsee"]
[Date "2022.11.17"]
[Round "1.67"]
[White "Hänselmann, Hendrik"]
[Black "Schellen, Sven"]
[Result "1-0"]
[WhiteElo "2017"]
[BlackElo "1789"]
[PlyCount "63"]
[EventDate "2022.??.??"]
[WhiteTeam "Karlsruher SF"]
[BlackTeam "SV Frankfurt Nord 1926"]

1. e4 e5 2. Nf3 Nc6 3. Nc3 Nf6 4. Bb5 Bc5 5. O-O d6 6. d4 exd4 7. Nxd4 Bd7 8.
Nb3 Bb6 9. Bg5 h6 10. Bxf6 Qxf6 11. Nd5 Qg5 12. a4 Bg4 13. Qd3 a5 14. Nxb6 cxb6
15. Qxd6 Rd8 16. Bxc6+ bxc6 17. Qxc6+ Bd7 18. Qxb6 O-O 19. Qxa5 f5 20. f4 Qg4
21. Qd5+ Kh8 22. e5 Qg6 23. Qf3 Rc8 24. Rf2 Qb6 25. a5 Qa7 26. Qd3 Rc6 27. Nd4
Rg6 28. c3 Rd8 29. Qf3 Bc8 30. Nc6 Rxc6 31. Qxc6 Rd2 32. Qxc8+ 1-0

[Event "Sparkassen-Open A"]
[Site "Heusenstamm, Martinsee"]
[Date "2022.11.17"]
[Round "1.68"]
[White "Lutze, Max"]
[Black "Özdemir, Ali Özden"]
[Result "0-1"]
[WhiteElo "1787"]
[BlackElo "2048"]
[PlyCount "70"]
[EventDate "2022.??.??"]
[WhiteTeam "MS Halver-Schalksmühle"]
[BlackTeam "SK Langen"]

1. Nf3 g6 2. c4 Bg7 3. g3 e5 4. Nc3 Nc6 5. Bg2 f5 6. d3 h6 7. O-O d6 8. Rb1 a5
9. a3 Nf6 10. Bd2 O-O 11. b4 axb4 12. axb4 Qe8 13. b5 Nd8 14. Ne1 g5 15. Nc2 f4
16. Nd5 Nxd5 17. Bxd5+ Kh8 18. Nb4 Qh5 19. Bh1 Ne6 20. Nd5 g4 21. Re1 Ng5 22.
Bg2 Nh3+ 23. Bxh3 Qxh3 24. gxf4 c6 25. bxc6 bxc6 26. Ne7 Kh7 27. Qc2 Bf5 28.
Nxf5 Rxf5 29. d4 Raf8 30. Rb8 g3 31. fxg3 Rxb8 32. fxe5 dxe5 33. dxe5 Bxe5 34.
Qd3 Rbf8 35. Qe4 Kg7 0-1

[Event "Sparkassen-Open A"]
[Site "Heusenstamm, Martinsee"]
[Date "2022.11.17"]
[Round "1.69"]
[White "Steudel, Max"]
[Black "Schunke, Oliver"]
[Result "1-0"]
[WhiteElo "2043"]
[BlackElo "1786"]
[PlyCount "67"]
[EventDate "2022.??.??"]
[WhiteTeam "SC Brett vorm Kopp Ffm"]
[BlackTeam "VfB 07 Lettin"]

1. c4 e5 2. Nc3 Nf6 3. Nf3 Nc6 4. e3 d5 5. cxd5 Nxd5 6. Bb5 Nxc3 7. bxc3 Bd6 8.
d4 exd4 9. cxd4 O-O 10. O-O Bg4 11. h3 Bh5 12. Bb2 Qf6 13. Be2 Rfe8 14. Qb3 Qe7
15. Bc3 Rab8 16. Rfc1 Ba3 17. Bb2 Bd6 18. a3 Kh8 19. Qc2 Bg6 20. Bd3 Be4 21.
Nd2 Bxd3 22. Qxd3 Qh4 23. Nc4 Rbd8 24. Qf5 Ne7 25. Qf3 Nc6 26. d5 Ne5 27. Nxe5
Rxe5 28. Bxe5 Bxe5 29. Rab1 b6 30. Qxf7 Bd6 31. Rxc7 Bxc7 32. Qxc7 Rxd5 33.
Qxa7 Qd8 34. Qxb6 1-0

[Event "Sparkassen-Open A"]
[Site "Heusenstamm, Martinsee"]
[Date "2022.11.17"]
[Round "1.70"]
[White "Wadiei, Soroush"]
[Black "Nickel, Rüdiger"]
[Result "0-1"]
[WhiteElo "1725"]
[BlackElo "2039"]
[PlyCount "104"]
[EventDate "2022.??.??"]
[WhiteTeam "SV Nürtingen 1920"]
[BlackTeam "SK Dinkelsbühl"]

1. d4 Nf6 2. c4 g6 3. Nc3 Bg7 4. e4 d6 5. Bd3 e5 6. d5 Nbd7 7. Nge2 O-O 8. O-O
a5 9. Ng3 Nc5 10. Bc2 Bd7 11. Be3 Ng4 12. Bxc5 dxc5 13. h3 Nf6 14. a3 Ne8 15.
Qb1 Nd6 16. Bd3 Qh4 17. Nce2 f5 18. f3 Bh6 19. b4 Be3+ 20. Kh2 f4 21. Nh1 g5
22. bxc5 Bxc5 23. Qe1 Rf6 24. Nf2 h5 25. Ra2 Rg6 26. Nd1 Qxe1 27. Rxe1 Rf8 28.
Nc1 a4 29. Bf1 g4 30. Nd3 Bd4 31. c5 Nf7 32. h4 Kg7 33. Rc2 Nh6 34. N1b2 g3+
35. Kh1 Ng4 36. Nc4 Rh8 37. Rb1 Bc8 38. Rb4 Kf6 39. Na5 Ne3 40. Rc1 Nxf1 41.
Rxd4 exd4 42. Rxf1 b6 43. Nc6 Ba6 44. Ncb4 Bxd3 45. Nxd3 bxc5 46. Nxc5 Ke7 47.
Nd3 Rb8 48. Nb4 Rxb4 49. axb4 Rb6 50. Rc1 Rxb4 51. Rxc7+ Kd8 52. Rc1 a3 0-1

[Event "Sparkassen-Open A"]
[Site "Heusenstamm, Martinsee"]
[Date "2022.11.17"]
[Round "1.71"]
[White "Swoboda, Philipp"]
[Black "Burkhardt, Jan"]
[Result "1-0"]
[WhiteElo "2002"]
[BlackElo "1619"]
[PlyCount "81"]
[EventDate "2022.??.??"]
[WhiteTeam "SV Frankfurt Nord 1926"]
[BlackTeam "Sfr.Mainz 1928"]

1. d4 Nf6 2. c4 e6 3. Nc3 d5 4. cxd5 exd5 5. Bg5 Be7 6. e3 c6 7. Bd3 O-O 8.
Nge2 Ne4 9. Bf4 Nd6 10. Qc2 f5 11. O-O Be6 12. Na4 Nd7 13. f3 g6 14. Nc5 Nxc5
15. dxc5 Nf7 16. b4 Bf6 17. Nd4 Qd7 18. Rab1 a6 19. a4 Ne5 20. Rfd1 Rac8 21.
Be2 Bg7 22. b5 axb5 23. axb5 Rfe8 24. bxc6 bxc6 25. Rb6 Qf7 26. Rdb1 g5 27.
Bxg5 Qg6 28. Bf4 Rc7 29. Qa4 Bf6 30. Nxc6 Rg7 31. g3 Nxc6 32. Qxc6 h5 33. Rb8
Bf7 34. Rxe8+ Bxe8 35. Rb8 Re7 36. Qxd5+ Kg7 37. c6 h4 38. c7 hxg3 39. c8=Q
gxh2+ 40. Kxh2 Kh8 41. Rb7 1-0

[Event "Sparkassen-Open A"]
[Site "Heusenstamm, Martinsee"]
[Date "2022.11.17"]
[Round "1.72"]
[White "Meyer-Jany, Marcel"]
[Black "Rosenberger, Frank"]
[Result "0-1"]
[WhiteElo "1766"]
[BlackElo "2033"]
[PlyCount "60"]
[EventDate "2022.??.??"]
[WhiteTeam "SK Herborn 1946"]
[BlackTeam "SK 1980 Gernsheim"]

1. d4 d5 2. c4 e6 3. Nc3 c6 4. Nf3 Nf6 5. e3 Nbd7 6. Qc2 Bd6 7. b3 O-O 8. Bd3
Qe7 9. Bb2 b6 10. O-O Bb7 11. Rac1 Rfe8 12. Rfe1 Rad8 13. Rcd1 Rc8 14. Qe2 Bb4
15. Qc2 h6 16. Ra1 Ba3 17. Rad1 Bxb2 18. Qxb2 Qd6 19. a3 e5 20. dxe5 Nxe5 21.
Nxe5 Qxe5 22. h3 dxc4 23. Bxc4 c5 24. Qc2 a6 25. a4 Qg5 26. e4 Rcd8 27. f3 Nh5
28. Nd5 Bxd5 29. Bxd5 Nf4 30. Kf2 Qxg2+ 0-1

[Event "Sparkassen-Open A"]
[Site "Heusenstamm, Martinsee"]
[Date "2022.11.17"]
[Round "1.73"]
[White "Weil, Volker"]
[Black "von Wahden, Jens"]
[Result "1/2-1/2"]
[WhiteElo "2031"]
[BlackElo "1684"]
[PlyCount "57"]
[EventDate "2022.??.??"]
[WhiteTeam "SC Steinbach"]
[BlackTeam "SV Oberursel"]

1. d4 Nf6 2. Nf3 d5 3. Bf4 c5 4. e3 Nc6 5. Nbd2 e6 6. c3 Be7 7. Bd3 O-O 8. Ne5
cxd4 9. exd4 Bd7 10. O-O Rc8 11. Bg3 a5 12. f4 Qb6 13. Rb1 Rfd8 14. Qe2 Be8 15.
Kh1 Nd7 16. Ndf3 f6 17. Nxc6 Rxc6 18. f5 Bf7 19. Rfe1 Nf8 20. Bb5 Rcc8 21. a4
Bd6 22. fxe6 Nxe6 23. Qf2 Qc7 24. Bxd6 Qxd6 25. Nh4 Bg6 26. Nf5 Bxf5 27. Qxf5
Ng5 28. Re3 g6 29. Qc2 1/2-1/2

[Event "Sparkassen-Open A"]
[Site "Heusenstamm, Martinsee"]
[Date "2022.11.17"]
[Round "1.74"]
[White "Weyerer, Noah"]
[Black "Weiss, Matthias"]
[Result "1/2-1/2"]
[WhiteElo "1605"]
[BlackElo "2030"]
[PlyCount "48"]
[EventDate "2022.??.??"]
[WhiteTeam "SV Oberursel"]
[BlackTeam "SF Schöneck"]

1. c4 e5 2. Nc3 Nf6 3. g3 d5 4. cxd5 Nxd5 5. Bg2 Nb6 6. e3 Be7 7. Nge2 O-O 8.
O-O c6 9. f4 f6 10. b3 Be6 11. Bb2 N8d7 12. Qc2 Qe8 13. d4 Bf7 14. Rae1 Rc8 15.
Ne4 Nd5 16. Qd2 Bb4 17. N2c3 f5 18. Ng5 e4 19. a3 Bxc3 20. Bxc3 Nxc3 21. Qxc3
c5 22. Rc1 cxd4 23. Qxd4 b6 24. b4 Nf6 1/2-1/2

[Event "Sparkassen-Open A"]
[Site "Heusenstamm, Martinsee"]
[Date "2022.11.17"]
[Round "1.75"]
[White "Gebhardt, Ulrich"]
[Black "Burg, Samuel"]
[Result "0-1"]
[WhiteElo "2006"]
[BlackElo "1676"]
[PlyCount "44"]
[EventDate "2022.??.??"]
[WhiteTeam "SK Ettlingen"]
[BlackTeam "Spvgg Böblingen"]

1. d4 Nf6 2. c4 g6 3. Nc3 d5 4. Nf3 Bg7 5. Qa4+ Bd7 6. Qb3 Bc6 7. Ne5 dxc4 8.
Qxc4 O-O 9. e3 Bd5 10. Nxd5 Nxd5 11. Be2 Qd6 12. Nd3 Nd7 13. Qb3 c5 14. dxc5
Nxc5 15. Nxc5 Qxc5 16. Bd2 Rfd8 17. e4 Nb6 18. Rb1 Rxd2 19. Kxd2 Qxf2 20. Rbe1
Rc8 21. Qg3 Bh6+ 22. Kd3 Qc5 0-1

[Event "Sparkassen-Open A"]
[Site "Heusenstamm, Martinsee"]
[Date "2022.11.17"]
[Round "1.76"]
[White "Blomer, Moritz"]
[Black "Minor, Viatcheslav"]
[Result "0-1"]
[WhiteElo "1614"]
[BlackElo "2025"]
[PlyCount "44"]
[EventDate "2022.??.??"]
[WhiteTeam "SG Porz"]
[BlackTeam "SV Eisenach"]

1. Nf3 d6 2. d4 h6 3. e4 g5 4. Bc4 Bg7 5. Nc3 e6 6. Be3 Nd7 7. Qe2 a6 8. O-O
Ne7 9. Nd2 Ng6 10. h4 b5 11. Bb3 gxh4 12. f4 Ne7 13. f5 e5 14. Qh5 Rf8 15. f6
Nxf6 16. Rxf6 Bxf6 17. Bxh6 Kd7 18. Rf1 exd4 19. Bxf8 dxc3 20. Rxf6 cxd2 21.
Bxe7 Qh8 22. Rxf7 Qxh5 0-1

[Event "Sparkassen-Open A"]
[Site "Heusenstamm, Martinsee"]
[Date "2022.11.17"]
[Round "1.77"]
[White "Schröder, Jürgen"]
[Black "Griesfeller, Sven"]
[Result "1-0"]
[WhiteElo "2025"]
[BlackElo "1534"]
[PlyCount "41"]
[EventDate "2022.??.??"]
[WhiteTeam "SC Matt im Park Ffm"]
[BlackTeam "SD Büdingen-Wächtersbach"]

1. e4 e5 2. Bc4 Nf6 3. d3 c6 4. Nf3 d5 5. Bb3 Bd6 6. Nc3 d4 7. Ne2 O-O 8. O-O
Bg4 9. Ng3 Nh5 10. Nf5 Nf4 11. Bxf4 exf4 12. N5xd4 Be5 13. Nf5 Bxb2 14. Rb1 Bf6
15. Qd2 Bxf3 16. gxf3 Qc7 17. Kh1 Na6 18. Rg1 Nc5 19. Nxg7 Bxg7 20. Qc3 Ne6 21.
Rxg7+ 1-0

[Event "Sparkassen-Open A"]
[Site "Heusenstamm, Martinsee"]
[Date "2022.11.17"]
[Round "1.78"]
[White "Werner, Florin"]
[Black "von Auer, Ulrich"]
[Result "0-1"]
[WhiteElo "1669"]
[BlackElo "2025"]
[PlyCount "70"]
[EventDate "2022.??.??"]
[WhiteTeam "VSG 1880 Offenbach"]
[BlackTeam "SV Oberursel"]

1. e4 e6 2. d4 d5 3. Nd2 Be7 4. c3 c5 5. Ngf3 cxd4 6. cxd4 dxe4 7. Nxe4 Nf6 8.
Nxf6+ Bxf6 9. Bf4 Nc6 10. Be5 O-O 11. Be2 b6 12. O-O Bb7 13. Re1 Qd5 14. Bxf6
gxf6 15. Qd2 Rad8 16. Bd3 Nxd4 17. Re3 Nf5 18. Bxf5 Qxd2 19. Nxd2 Rxd2 20. Rg3+
Kh8 21. Bd3 Rd8 22. Bf1 Rd1 23. Rxd1 Rxd1 24. Ra3 a5 25. Rd3 Rb1 26. f4 Ba6 27.
Rf3 Kg7 28. Rf2 Kf8 29. g4 Ke7 30. b3 Kd6 31. Kg2 Bxf1+ 32. Rxf1 Rxf1 33. Kxf1
Kd5 34. Kf2 Ke4 35. Kg3 e5 0-1

[Event "Sparkassen-Open A"]
[Site "Heusenstamm, Martinsee"]
[Date "2022.11.17"]
[Round "1.79"]
[White "Calvi, Stefan"]
[Black "Lorenz, Alexander"]
[Result "1-0"]
[WhiteElo "2016"]
[BlackElo "1691"]
[PlyCount "49"]
[EventDate "2022.??.??"]
[WhiteTeam "SV Oberursel"]
[BlackTeam "SV Bergwinkel"]

1. e4 c5 2. c3 d6 3. d4 cxd4 4. cxd4 g6 5. Nc3 Bg7 6. Bc4 e6 7. Nf3 Ne7 8. Be3
O-O 9. Qd2 Nbc6 10. Bh6 Bd7 11. h4 Rc8 12. Bb3 Na5 13. h5 Nxb3 14. axb3 f5 15.
hxg6 hxg6 16. Bxg7 Kxg7 17. Qh6+ Kf6 18. e5+ dxe5 19. dxe5+ Kf7 20. Ng5+ Ke8
21. Nh7 Kf7 22. Ng5+ Ke8 23. Qg7 Bb5 24. Rd1 Qb6 25. Rh8 1-0

[Event "Sparkassen-Open A"]
[Site "Heusenstamm, Martinsee"]
[Date "2022.11.17"]
[Round "1.80"]
[White "Abdo, Alan"]
[Black "Woestmann, Ulrich"]
[Result "0-1"]
[WhiteElo "1686"]
[BlackElo "1991"]
[PlyCount "79"]
[EventDate "2022.??.??"]
[WhiteTeam "SC Listiger Bauer Essen-West"]
[BlackTeam "SV Ahlen 1954"]

1. e4 c5 2. c3 d5 3. e5 Qc7 4. d4 Nc6 5. f4 cxd4 6. cxd4 Bf5 7. Nc3 e6 8. Nf3
Bb4 9. Bd3 Nge7 10. Be3 O-O 11. h3 Be4 12. g4 Na5 13. Kf2 Bxc3 14. Rc1 Nc4 15.
Rxc3 Qb6 16. Bxe4 dxe4 17. Rxc4 exf3 18. Qc2 Nd5 19. g5 Qa6 20. f5 exf5 21. b3
Qg6 22. Bd2 Rad8 23. h4 h5 24. Kxf3 Qe6 25. Rc1 f4 26. Qe4 Qg4+ 27. Kf2 Qxh4+
28. Ke2 Qxg5 29. Rf1 b5 30. Rc5 Qg4+ 31. Ke1 Qg3+ 32. Ke2 Qg4+ 33. Kd3 Qe6 34.
Rxb5 Qa6 35. a4 Nc7 36. Qc6 Qxc6 37. Rc5 Qa6+ 38. Rc4 Qg6+ 39. Kc3 Nd5+ 40. Kb2
0-1